000 00283as aa2200097a 44500
090 _aSERIADAS
_b01087
245 1 0 _aDoriana: Annali del Museo Cívico di Storia Naturale "G. Doria"
260 _bMuseo Cívico di Storia Naturale "G. Doria"
_aItalia
041 0 _aInglés
942 _cREVISTA
999 _c16857
_d16857